[Event "6. Open C.A. Ciudad los Angeles 2012"]
[Site "Madrid ESP"]
[Date "2012.04.29"]
[Round "3.10"]
[White "Rodriguez Dorado, Victor"]
[Black "Martin Garcia, Francisco Javier"]
[Result "1-0"]
[WhiteElo "1940"]
[BlackElo "1614"]
[PlyCount "109"]
[EventDate "2012.04.15"]
[EventType "swiss"]
[EventRounds "9"]
[EventCountry "ESP"]
[Source "lmi"]
[SourceDate "2012.04.15"]

1. c4 Nf6 2. Nc3 g6 3. Nf3 Bg7 4. g3 O-O 5. Bg2 d6 6. O-O e5 7. d3 Nc6 8. Bg5
h6 9. Bd2 Be6 10. a3 a5 11. Nb5 d5 12. cxd5 Nxd5 13. e4 Nde7 14. Bc3 Qd7 15. d4
exd4 16. Nbxd4 Bg4 17. Nb5 Rfd8 18. Qxd7 Rxd7 19. h3 Be6 20. Rad1 Rad8 21. Rxd7
Rxd7 22. Bxg7 Kxg7 23. Rc1 Bb3 24. Kf1 g5 25. Ke2 f5 26. Nd2 Bf7 27. exf5 Nxf5
28. Bxc6 bxc6 29. Rxc6 Rd5 30. a4 Re5+ 31. Kd3 Rd5+ 32. Kc3 Nd6 33. Nxc7 Be8
34. Nxe8+ Nxe8 35. Nc4 Rf5 36. Re6 Nf6 37. Re2 Nd5+ 38. Kd4 Nb4 39. Ne3 Rf7 40.
Kc4 Kg6 41. Nd5 Rb7 42. g4 Nxd5 43. Kxd5 Rb4 44. Kc5 Rb3 45. Re6+ Kf7 46. Rxh6
Rxb2 47. Ra6 Rxf2 48. Rxa5 Rf3 49. Kb6 Rxh3 50. Rxg5 Rb3+ 51. Rb5 Rg3 52. a5
Rxg4 53. a6 Ke6 54. a7 Rg8 55. Ra5 1-0

[Event "6. Open C.A. Ciudad los Angeles 2012"]
[Site "Madrid ESP"]
[Date "2012.04.29"]
[Round "3.11"]
[White "Navas Hernando, Oscar"]
[Black "Juarez De Vena, Antonio"]
[Result "1/2-1/2"]
[WhiteElo "1855"]
[BlackElo "1618"]
[PlyCount "150"]
[EventDate "2012.04.15"]
[EventType "swiss"]
[EventRounds "9"]
[EventCountry "ESP"]
[Source "lmi"]
[SourceDate "2012.04.15"]

1. d4 Nf6 2. c4 e6 3. Nc3 d5 4. cxd5 exd5 5. Bg5 Nbd7 6. e3 Be7 7. Bd3 h6 8.
Bh4 O-O 9. Nge2 c6 10. O-O Re8 11. f3 b5 12. a3 Bb7 13. Qd2 a5 14. e4 dxe4 15.
fxe4 Nxe4 16. Qf4 Nef6 17. Bg3 Rf8 18. Qf3 Qb6 19. Bf2 Qc7 20. Qh3 Nb6 21. Bg3
Qd8 22. Be5 Nbd7 23. Rad1 Bc8 24. Qf3 Qb6 25. Kh1 Nxe5 26. dxe5 Bg4 27. Qf4
Bxe2 28. exf6 Bxd3 29. fxe7 Bxf1 30. exf8=Q+ Rxf8 31. Rxf1 b4 32. axb4 axb4 33.
Ne4 Qd4 34. b3 Qd3 35. Qf3 Qd5 36. Rd1 Qe5 37. Nd6 c5 38. Nc4 Qe6 39. Qe3 Qg4
40. Re1 Qe6 41. h3 Qd5 42. Qe5 Qd3 43. Re3 Qf1+ 44. Kh2 f6 45. Qd5+ Kh8 46. Rf3
Qe1 47. Qxc5 Re8 48. Re3 Rxe3 49. Qxe3 Qf1 50. Nd2 Qc1 51. Nc4 Qf1 52. Nd2 Qc1
53. Qd3 Qb2 54. Nf3 Qc1 55. Qd2 Qc7+ 56. Kh1 Qa5 57. Qd4 Qa3 58. Qd3 Qc1+ 59.
Kh2 Qc7+ 60. g3 Qc1 61. h4 Qb2+ 62. Kh3 Qc1 63. Nd4 h5 64. Qf3 Qh6 65. Nf5 Qg6
66. g4 hxg4+ 67. Qxg4 Qf7 68. Qxb4 Qd7 69. Qg4 Qd3+ 70. Ng3 Qxb3 71. h5 Qe3 72.
Kh4 Qf2 73. Qc8+ Kh7 74. Qf5+ Qxf5 75. Nxf5 g6 1/2-1/2

[Event "6. Open C.A. Ciudad los Angeles 2012"]
[Site "Madrid ESP"]
[Date "2012.04.29"]
[Round "3.19"]
[White "Martinez Cepedano, Roberto"]
[Black "Salgado Duarte, Pablo"]
[Result "1-0"]
[WhiteElo "1752"]
[BlackElo "1534"]
[PlyCount "69"]
[EventDate "2012.04.15"]
[EventType "swiss"]
[EventRounds "9"]
[EventCountry "ESP"]
[Source "lmi"]
[SourceDate "2012.04.15"]

1. e4 e5 2. Nf3 d6 3. Bc4 h6 4. Nc3 Nf6 5. d4 exd4 6. Nxd4 Be7 7. O-O Bd7 8. f4
Nc6 9. Nxc6 Bxc6 10. Qe2 O-O 11. e5 Nh7 12. Be3 d5 13. Rad1 Qc8 14. Nxd5 Bxd5
15. Bxd5 c6 16. Bb3 a5 17. a4 Qf5 18. g4 Qc8 19. c3 Kh8 20. Qf2 Qxg4+ 21. Qg3
Qxg3+ 22. hxg3 Rad8 23. Bb6 Rb8 24. Rd7 Bd8 25. Bc5 f6 26. Rfd1 Re8 27. Bf7 Nf8
28. Bxe8 Nxd7 29. Rxd7 fxe5 30. fxe5 Bg5 31. Bg6 Rd8 32. Rxd8+ Bxd8 33. e6 b6
34. e7 Bxe7 35. Bxe7 1-0

[Event "6. Open C.A. Ciudad los Angeles 2012"]
[Site "Madrid ESP"]
[Date "2012.04.29"]
[Round "3.22"]
[White "Soto Martin, Miguel"]
[Black "Sotres Menendez, Raul"]
[Result "1-0"]
[WhiteElo "1464"]
[BlackElo "1628"]
[PlyCount "78"]
[EventDate "2012.04.15"]
[EventType "swiss"]
[EventRounds "9"]
[EventCountry "ESP"]
[Source "lmi"]
[SourceDate "2012.04.15"]

1. d4 d5 2. Nf3 Nf6 3. e3 e6 4. c4 Bb4+ 5. Nbd2 Nbd7 6. Bd3 dxc4 7. Bxc4 Nb6 8.
Bd3 O-O 9. O-O Nbd7 10. a3 Be7 11. b3 c5 12. Bb2 b6 13. Qc2 Bb7 14. Rfd1 Rc8
15. Qb1 h6 16. Qa2 cxd4 17. exd4 Nd5 18. Rac1 N7f6 19. Ne4 Nf4 20. Qb1 Qd5 21.
Nxf6+ Bxf6 22. Bc4 Qh5 23. d5 Bxb2 24. Qxb2 exd5 25. Be2 Rfe8 26. Rxc8 Rxc8 27.
Qd2 Qg4 28. g3 Re8 29. Re1 Re6 30. Qxf4 Qxf4 31. gxf4 Rg6+ 32. Kf1 d4 33. Rd1
Rd6 34. Rxd4 Rc6 35. Rd8+ Kh7 36. Bd3+ g6 37. Rd7 Rc1+ 38. Kg2 Bxf3+ 39. Kxf3
Kg7 1-0

[Event "6. Open C.A. Ciudad los Angeles 2012"]
[Site "Madrid ESP"]
[Date "2012.04.29"]
[Round "3.23"]
[White "Pindado Del Carmen, Eliseo"]
[Black "Martin Rodriguez, Jose Luis"]
[Result "1-0"]
[WhiteElo "1618"]
[BlackElo "1475"]
[PlyCount "109"]
[EventDate "2012.04.15"]
[EventType "swiss"]
[EventRounds "9"]
[EventCountry "ESP"]
[Source "lmi"]
[SourceDate "2012.04.15"]

1. d4 Nf6 2. c4 e6 3. Nc3 Bb4 4. Qc2 d5 5. e3 c5 6. Bd2 cxd4 7. exd4 O-O 8. Bd3
dxc4 9. Bxc4 Qxd4 10. Qd3 Qxd3 11. Bxd3 Rd8 12. Bc2 Nc6 13. Nf3 Nd4 14. Nxd4
Rxd4 15. f3 b6 16. O-O-O Ba6 17. Be3 Rxd1+ 18. Rxd1 Be7 19. Bd3 Bxd3 20. Rxd3
Rd8 21. Rxd8+ Bxd8 22. Nb5 Nd5 23. Bf2 a6 24. Nd4 Bf6 25. Nb3 Kf8 26. g3 Ke7
27. Nd2 Kd7 28. Ne4 Be7 29. Bd4 f6 30. Nd2 Bc5 31. Bxc5 bxc5 32. Nc4 Kc6 33. a3
Nb6 34. Na5+ Kd5 35. Nb7 Nc4 36. a4 Kc6 37. Nd8+ Kd5 38. Nb7 e5 39. b3 Nd6 40.
Na5 e4 41. fxe4+ Nxe4 42. Kc2 Nd6 43. Kd3 Nf5 44. Nc4 Nd4 45. Ne3+ Kc6 46. Kc4
Nf3 47. Nf1 Ne5+ 48. Kc3 g6 49. Ne3 Nf3 50. h3 Nd4 51. g4 Ne2+ 52. Kc4 Nf4 53.
h4 Nd5 54. Nxd5 f5 55. gxf5 1-0

[Event "6. Open C.A. Ciudad los Angeles 2012"]
[Site "Madrid ESP"]
[Date "2012.04.29"]
[Round "3.24"]
[White "Martinez Pastor, Francisco"]
[Black "Pablos Ceruelo, Oscar"]
[Result "1-0"]
[WhiteElo "1612"]
[BlackElo "1367"]
[PlyCount "73"]
[EventDate "2012.04.15"]
[EventType "swiss"]
[EventRounds "9"]
[EventCountry "ESP"]
[Source "lmi"]
[SourceDate "2012.04.15"]

1. b4 e6 2. Bb2 Nf6 3. c3 b6 4. d3 Bb7 5. Nd2 Bd6 6. Ngf3 a5 7. e4 Ng4 8. h3
Ne5 9. b5 Qf6 10. Be2 O-O 11. d4 Nxf3+ 12. Bxf3 e5 13. O-O Qf4 14. d5 f5 15. g3
Qh6 16. Bg2 f4 17. g4 Bc5 18. Kh2 d6 19. Nb3 Nd7 20. Nxc5 Nxc5 21. f3 Rf6 22.
Bc1 Raf8 23. Bd2 Rg6 24. a4 Bc8 25. Be1 Bd7 26. Rh1 Qg5 27. Kg1 h5 28. h4 Qe7
29. g5 Qf7 30. Bf2 Nxe4 31. fxe4 f3 32. Bf1 Qf4 33. Qc1 Qg4+ 34. Kh2 Rf4 35.
Rg1 Qxh4+ 36. Bxh4 Rxh4+ 37. Kg3 1-0

[Event "6. Open C.A. Ciudad los Angeles 2012"]
[Site "Madrid ESP"]
[Date "2012.05.06"]
[Round "4.1"]
[White "Cano Cabanillas, Javier"]
[Black "Garcia De Quesada, Ignacio"]
[Result "0-1"]
[WhiteElo "2016"]
[BlackElo "1910"]
[PlyCount "54"]
[EventDate "2012.04.15"]
[EventType "swiss"]
[EventRounds "9"]
[EventCountry "ESP"]
[Source "lmi"]
[SourceDate "2012.04.15"]

1. e4 c5 2. Na3 e6 3. c3 Nf6 4. d3 Nc6 5. f4 d6 6. Nf3 Be7 7. Be2 O-O 8. O-O a6
9. Nc2 b5 10. Ne3 Bb7 11. Qe1 b4 12. Qg3 bxc3 13. bxc3 Rb8 14. f5 c4 15. Nxc4
exf5 16. exf5 Re8 17. Bd1 d5 18. Nce5 Nxe5 19. Nxe5 Bd6 20. d4 Ne4 21. Qg4 Bxe5
22. dxe5 Qb6+ 23. Kh1 Nf2+ 24. Rxf2 Qxf2 25. Qe2 Qxf5 26. Bc2 Rxe5 27. Qd1 Qxc2
0-1

[Event "6. Open C.A. Ciudad los Angeles 2012"]
[Site "Madrid ESP"]
[Date "2012.05.06"]
[Round "4.2"]
[White "Marcos Herrero, Francisco"]
[Black "Ruiz Sanchez, Roberto"]
[Result "1-0"]
[WhiteElo "1874"]
[BlackElo "1997"]
[PlyCount "81"]
[EventDate "2012.04.15"]
[EventType "swiss"]
[EventRounds "9"]
[EventCountry "ESP"]
[Source "lmi"]
[SourceDate "2012.04.15"]

1. d4 d5 2. c4 c6 3. Nf3 Nf6 4. g3 Bf5 5. Bg2 e6 6. O-O Bd6 7. Nc3 O-O 8. Nh4
Bg4 9. h3 Bh5 10. Qb3 Qb6 11. c5 Qxb3 12. axb3 Bc7 13. g4 Bg6 14. Nxg6 hxg6 15.
b4 e5 16. e3 Nbd7 17. b5 g5 18. Bd2 a6 19. b6 Bd8 20. b4 Be7 21. Ra3 Nh7 22.
Rfa1 Rab8 23. Ne2 e4 24. Nc1 g6 25. Nb3 f5 26. Na5 Rfe8 27. Bf1 Kf7 28. Nxb7
Rxb7 29. Rxa6 Rbb8 30. Ra7 Ke6 31. Rc7 Nhf6 32. Rxc6+ Kf7 33. Rc7 Bd8 34. Rca7
Kf8 35. Bb5 Re7 36. Ra8 Kf7 37. Rxb8 Nxb8 38. Ra8 Nfd7 39. Bxd7 Nxd7 40. Rxd8
Nf6 41. c6 1-0

[Event "6. Open C.A. Ciudad los Angeles 2012"]
[Site "Madrid ESP"]
[Date "2012.05.06"]
[Round "4.3"]
[White "Largo Barbero, Benito"]
[Black "Murciano Cespedosa, Antonio"]
[Result "1-0"]
[WhiteElo "1845"]
[BlackElo "1771"]
[PlyCount "71"]
[EventDate "2012.04.15"]
[EventType "swiss"]
[EventRounds "9"]
[EventCountry "ESP"]
[Source "lmi"]
[SourceDate "2012.04.15"]

1. e4 c5 2. Nc3 Nc6 3. g3 g6 4. Bg2 Bg7 5. d3 Nf6 6. f4 d6 7. Nf3 Bg4 8. Ne2
Qb6 9. c3 O-O 10. h3 Bd7 11. g4 e5 12. f5 Rad8 13. Ng3 Ne7 14. g5 Ne8 15. f6
Nxf6 16. gxf6 Bxf6 17. Qe2 d5 18. Be3 d4 19. Bh6 Rfe8 20. O-O dxc3 21. bxc3 c4+
22. Be3 cxd3 23. Qxd3 Qa5 24. Rf2 Bxh3 25. Qf1 Bxg2 26. Kxg2 Qxc3 27. Bh6 Bg7
28. Bxg7 Kxg7 29. Ng5 Rd2 30. Ne2 Qc4 31. Rxf7+ Kg8 32. Re1 h6 33. Qf6 Rxe2+
34. Kh3 Qd3+ 35. Nf3 Nf5 36. Qxg6+ 1-0

[Event "6. Open C.A. Ciudad los Angeles 2012"]
[Site "Madrid ESP"]
[Date "2012.05.06"]
[Round "4.4"]
[White "Rodriguez Vignote, Javier"]
[Black "Sorribes Calle, Pablo"]
[Result "1-0"]
[WhiteElo "1923"]
[BlackElo "1660"]
[PlyCount "75"]
[EventDate "2012.04.15"]
[EventType "swiss"]
[EventRounds "9"]
[EventCountry "ESP"]
[Source "lmi"]
[SourceDate "2012.04.15"]

1. Nf3 Nf6 2. c4 g6 3. Nc3 Bg7 4. e4 d6 5. d4 O-O 6. Be2 Nbd7 7. O-O e5 8. Re1
exd4 9. Nxd4 Nc5 10. f3 a5 11. b3 Ne8 12. Be3 f5 13. Rc1 fxe4 14. fxe4 Nf6 15.
Bf3 Re8 16. Bf2 Bd7 17. Ndb5 Qc8 18. e5 Ng4 19. Qd5+ Kh8 20. Bxc5 dxc5 21. Bxg4
Bxg4 22. Qxc5 Bf8 23. Qxc7 b6 24. Nd5 Be6 25. Nf6 Re7 26. Qxb6 Rb7 27. Qf2 Bc5
28. Nd4 a4 29. Kh1 axb3 30. axb3 Rxb3 31. Qh4 Rb7 32. Nxh7 Rxh7 33. Qf6+ Rg7
34. Nxe6 Bf8 35. Re3 Qxc4 36. Rh3+ Kg8 37. Rf1 Qa6 38. Qxf8+ 1-0

[Event "6. Open C.A. Ciudad los Angeles 2012"]
[Site "Madrid ESP"]
[Date "2012.05.06"]
[Round "4.5"]
[White "Benitez Cadenas, Luis Miguel"]
[Black "Garcia Prados, David"]
[Result "0-1"]
[WhiteElo "1730"]
[BlackElo "2070"]
[PlyCount "86"]
[EventDate "2012.04.15"]
[EventType "swiss"]
[EventRounds "9"]
[EventCountry "ESP"]
[Source "lmi"]
[SourceDate "2012.04.15"]

1. d4 Nf6 2. Nf3 e6 3. Bf4 b6 4. Nbd2 Bb7 5. e3 d6 6. Bd3 Be7 7. h3 Nbd7 8. Qe2
Qc8 9. c3 a6 10. O-O Nd5 11. Bg5 Qd8 12. Bxe7 Qxe7 13. Nh2 O-O 14. Qh5 g6 15.
Qh6 f5 16. h4 Rf7 17. e4 N5f6 18. exf5 gxf5 19. Rae1 Rg7 20. Ndf3 Rg6 21. Qf4
Nh5 22. Qxf5 Ng7 23. Qh3 Rf6 24. Be4 Bxe4 25. Rxe4 Raf8 26. Rfe1 Rg6 27. Ng5
Qf6 28. Qf3 Qd8 29. Qe2 e5 30. dxe5 Nxe5 31. Nhf3 Nxf3+ 32. Nxf3 Qf6 33. Qc4+
Kh8 34. Kf1 Rxg2 35. R1e3 Qg6 36. Qd5 c5 37. Qd2 Nf5 38. Re8 Nxe3+ 39. Rxe3 Rg4
40. Ng5 Rxh4 41. Re6 Qb1+ 42. Ke2 Qf5 43. Qe3 Rf4 0-1

[Event "6. Open C.A. Ciudad los Angeles 2012"]
[Site "Madrid ESP"]
[Date "2012.05.06"]
[Round "4.6"]
[White "Head Ladeveze, Jorge"]
[Black "Rodriguez Dorado, Victor"]
[Result "0-1"]
[WhiteElo "1727"]
[BlackElo "1940"]
[PlyCount "56"]
[EventDate "2012.04.15"]
[EventType "swiss"]
[EventRounds "9"]
[EventCountry "ESP"]
[Source "lmi"]
[SourceDate "2012.04.15"]

1. d4 Nf6 2. Nf3 g6 3. c4 Bg7 4. Nc3 O-O 5. e4 d6 6. Bd3 Bg4 7. h3 Bxf3 8. Qxf3
Nc6 9. Be3 Nd7 10. Ne2 Nb4 11. Bb1 c5 12. a3 Nc6 13. d5 Nce5 14. Qg3 Nxc4 15.
Ra2 Qa5+ 16. b4 cxb4 17. Bd2 Nxd2 18. Rxd2 bxa3 19. Qe3 Ne5 20. Ba2 Rac8 21.
O-O Nc4 22. Bxc4 Rxc4 23. Ra2 Bb2 24. Rb1 Qc5 25. Qd3 b5 26. Rbxb2 axb2 27.
Rxb2 a5 28. Kf1 Rc1+ 0-1

[Event "6. Open C.A. Ciudad los Angeles 2012"]
[Site "Madrid ESP"]
[Date "2012.05.06"]
[Round "4.7"]
[White "Sancho Diaz, Santiago"]
[Black "Maseda Iglesias, Luis"]
[Result "1/2-1/2"]
[WhiteElo "1896"]
[BlackElo "1781"]
[PlyCount "103"]
[EventDate "2012.04.15"]
[EventType "swiss"]
[EventRounds "9"]
[EventCountry "ESP"]
[Source "lmi"]
[SourceDate "2012.04.15"]

1. e4 c6 2. d4 d5 3. Nc3 dxe4 4. Nxe4 Nd7 5. Nf3 Ngf6 6. Bd3 Nxe4 7. Bxe4 Nf6
8. Qd3 g6 9. O-O Bg7 10. c3 O-O 11. Bg5 Qb6 12. b3 a5 13. Rfe1 Qc7 14. Bxf6
exf6 15. Qc2 Bg4 16. h3 Bxf3 17. Bxf3 Rfe8 18. Re2 Re7 19. Rae1 Rae8 20. d5
cxd5 21. Bxd5 f5 22. c4 b6 23. Qd3 Rxe2 24. Rxe2 Rxe2 25. Qxe2 Qe5 26. Kf1 Kf8
27. Qd1 Qb2 28. Bf3 Bd4 29. Be2 Ke7 30. Qd3 Kd6 31. Qf3 Kc5 32. a4 Kb4 33. Bd1
Qd2 34. g4 fxg4 35. hxg4 f6 36. Kg2 g5 37. Be2 h6 38. Bd1 Qe1 39. Bc2 Qd2 40.
Bf5 Qb2 41. Bd7 Qxb3 42. Qxb3+ Kxb3 43. Bb5 Kc3 44. Ba6 Bc5 45. Bb5 Kd4 46. f3
Bd6 47. Ba6 Ke3 48. Bc8 Kf4 49. Bd7 Ke5 50. Bc8 Kd4 51. Ba6 Bc7 52. Bb5 1/2-1/2

[Event "6. Open C.A. Ciudad los Angeles 2012"]
[Site "Madrid ESP"]
[Date "2012.05.06"]
[Round "4.8"]
[White "Cortijo Manso, Luis"]
[Black "Tirado Parra, Alberto"]
[Result "0-1"]
[WhiteElo "1551"]
[BlackElo "1880"]
[PlyCount "42"]
[EventDate "2012.04.15"]
[EventType "swiss"]
[EventRounds "9"]
[EventCountry "ESP"]
[Source "lmi"]
[SourceDate "2012.04.15"]

1. d4 b6 2. Nf3 Bb7 3. Nbd2 f5 4. e3 Nf6 5. g3 e6 6. Bg2 Be7 7. O-O O-O 8. c4
Ne4 9. Qc2 c5 10. b3 Nc6 11. a3 d5 12. Bb2 Rc8 13. Rac1 Bd6 14. Ne5 Qe7 15.
Ndf3 cxd4 16. exd4 Bxe5 17. dxe5 dxc4 18. bxc4 Na5 19. Qa4 Rc7 20. Rfd1 Rfc8
21. Bf1 Nc5 0-1

[Event "6. Open C.A. Ciudad los Angeles 2012"]
[Site "Madrid ESP"]
[Date "2012.05.06"]
[Round "4.9"]
[White "Rios Rebollo, Victor"]
[Black "Ortiz Berruguete, Adrian"]
[Result "1/2-1/2"]
[WhiteElo "1842"]
[BlackElo "1734"]
[PlyCount "70"]
[EventDate "2012.04.15"]
[EventType "swiss"]
[EventRounds "9"]
[EventCountry "ESP"]
[Source "lmi"]
[SourceDate "2012.04.15"]

1. d4 Nf6 2. c4 c5 3. Nf3 e6 4. e3 d5 5. Nc3 Nc6 6. cxd5 Nxd5 7. e4 Nc7 8. Be3
cxd4 9. Nxd4 Bd7 10. Be2 Be7 11. O-O O-O 12. Qb3 Na5 13. Qc2 e5 14. Nf3 Nc6 15.
Rfd1 Qc8 16. Nd5 Re8 17. Nxe7+ Rxe7 18. Bc5 Re8 19. Bd6 f6 20. b4 Ne6 21. Qb3
Kh8 22. Rac1 Qd8 23. Bc5 Nxc5 24. Rxc5 Rc8 25. Rcd5 Re7 26. Qb2 Qe8 27. b5 Nb8
28. Ne1 Be6 29. R5d2 Rd7 30. Rxd7 Nxd7 31. Nd3 Bc4 32. Nb4 Nb6 33. Nd5 Na4 34.
Qd2 Bxe2 35. Qxe2 Nc3 1/2-1/2

[Event "6. Open C.A. Ciudad los Angeles 2012"]
[Site "Madrid ESP"]
[Date "2012.05.06"]
[Round "4.11"]
[White "Ballesteros Jimenez, Miguel A"]
[Black "Navas Hernando, Oscar"]
[Result "0-1"]
[WhiteElo "1672"]
[BlackElo "1855"]
[PlyCount "60"]
[EventDate "2012.04.15"]
[EventType "swiss"]
[EventRounds "9"]
[EventCountry "ESP"]
[Source "lmi"]
[SourceDate "2012.04.15"]

1. e4 c5 2. Nc3 e6 3. f4 d5 4. Bb5+ Nc6 5. Nf3 Nf6 6. Ne5 Qc7 7. exd5 exd5 8.
Qe2 Be7 9. O-O O-O 10. Nxc6 bxc6 11. Ba4 Bd6 12. d3 Re8 13. Qf2 d4 14. Ne4 Nxe4
15. dxe4 Rxe4 16. Qf3 f5 17. Qh5 Ba6 18. Bb3+ c4 19. Qxf5 Rae8 20. Ba4 c3 21.
Bb3+ Kh8 22. Bf7 Bc8 23. Qh5 Bg4 24. Qxg4 Qxf7 25. Qf3 Qc4 26. f5 cxb2 27. Bxb2
Rf4 28. Qd3 Qb4 29. Rxf4 Bxf4 30. Qxd4 Be3+ 0-1

[Event "6. Open C.A. Ciudad los Angeles 2012"]
[Site "Madrid ESP"]
[Date "2012.05.06"]
[Round "4.12"]
[White "Rodriguez Lopez-cañizares, Francisco"]
[Black "Al-zarif Zabala, Bassam"]
[Result "0-1"]
[WhiteElo "1644"]
[BlackElo "1753"]
[PlyCount "112"]
[EventDate "2012.04.15"]
[EventType "swiss"]
[EventRounds "9"]
[EventCountry "ESP"]
[Source "lmi"]
[SourceDate "2012.04.15"]

1. e4 Nf6 2. e5 Nd5 3. d4 d6 4. c4 Nb6 5. exd6 cxd6 6. Nc3 Nc6 7. d5 Ne5 8. b3
g6 9. h3 Bg7 10. Bd2 Bf5 11. g4 Bc8 12. f4 Ned7 13. g5 Nc5 14. Rc1 Bf5 15. Be3
Qc8 16. b4 Ne4 17. Nxe4 Bxe4 18. Rh2 O-O 19. Bd3 Qf5 20. Bxe4 Qxe4 21. Qe2 Qf5
22. Qc2 Qd7 23. Bxb6 axb6 24. b5 Ra3 25. Rb1 Rfa8 26. Rb3 R3a4 27. Re2 Ra3 28.
Rbe3 Re8 29. Qe4 Kf8 30. Rc2 Raa8 31. Ne2 e5 32. fxe5 Rxe5 33. Qf3 Rxe3 34.
Qxe3 Re8 35. Qd3 Qe7 36. h4 Qe5 37. Qh3 Qe4 38. Kd1 Qe7 39. Qf1 Qe3 40. Nc1
Qd4+ 41. Nd3 Qxh4 42. Qf4 Qh1+ 43. Kd2 Be5 44. Qf2 Qh2 45. Qxh2 Bxh2 46. Kc3
Be5+ 47. Kd2 Bd4 48. Nb2 Be3+ 49. Kd3 Bxg5 50. Re2 Rxe2 51. Kxe2 h5 52. Kf3 Kg7
53. Na4 Bd8 54. Kf4 Kf6 55. Nc3 g5+ 56. Kg3 Ke5 0-1

[Event "6. Open C.A. Ciudad los Angeles 2012"]
[Site "Madrid ESP"]
[Date "2012.05.06"]
[Round "4.13"]
[White "Melcon Diez, Enrique"]
[Black "Lopez-Andujar Ocaña, Ramon"]
[Result "0-1"]
[WhiteElo "1628"]
[BlackElo "1736"]
[PlyCount "66"]
[EventDate "2012.04.15"]
[EventType "swiss"]
[EventRounds "9"]
[EventCountry "ESP"]
[Source "lmi"]
[SourceDate "2012.04.15"]

1. c4 c5 2. Nc3 Nc6 3. Nf3 e5 4. e3 Nge7 5. d4 exd4 6. exd4 d6 7. Bg5 h6 8. Bh4
g5 9. Bg3 g4 10. dxc5 gxf3 11. cxd6 Nf5 12. Nb5 Qa5+ 13. Qd2 Qxd2+ 14. Kxd2 Kd7
15. gxf3 Bxd6 16. Bh3 Bxg3 17. Bxf5+ Ke7 18. Rae1+ Kf6 19. fxg3 Bxf5 20. Nc7
Rad8+ 21. Nd5+ Kg7 22. Kc3 b5 23. b3 bxc4 24. bxc4 Rhe8 25. g4 Rxe1 26. Rxe1
Be6 27. Nf4 Bc8 28. Nd5 Kf8 29. h4 Bb7 30. g5 hxg5 31. hxg5 Na5 32. Re5 Rc8 33.
Re4 Bxd5 0-1

[Event "6. Open C.A. Ciudad los Angeles 2012"]
[Site "Madrid ESP"]
[Date "2012.05.06"]
[Round "4.14"]
[White "Juarez De Vena, Antonio"]
[Black "Yeves Miquel, Enrique"]
[Result "1-0"]
[WhiteElo "1618"]
[BlackElo "1716"]
[PlyCount "79"]
[EventDate "2012.04.15"]
[EventType "swiss"]
[EventRounds "9"]
[EventCountry "ESP"]
[Source "lmi"]
[SourceDate "2012.04.15"]

1. e4 c6 2. d4 d5 3. e5 Bf5 4. c3 e6 5. Be3 Nd7 6. Nf3 h6 7. Bd3 Ne7 8. Nh4
Bxd3 9. Qxd3 a6 10. f4 Qc7 11. O-O g6 12. Nd2 Nf5 13. Nxf5 gxf5 14. b3 b5 15.
a4 Qb7 16. c4 b4 17. cxd5 cxd5 18. Rac1 Rc8 19. Rc2 Bg7 20. Rfc1 O-O 21. a5
Rfe8 22. Nf1 Bf8 23. Bd2 Kh8 24. Ng3 Be7 25. Nh5 Rg8 26. Qh3 Rxc2 27. Rxc2 Kh7
28. Qf3 Nb8 29. Qd1 Rc8 30. g4 Rxc2 31. Qxc2 Qc6 32. Qd3 Qc8 33. Ng3 Kg6 34.
Kg2 Nc6 35. Be1 Bh4 36. Nxf5 exf5 37. Bxh4 h5 38. gxh5+ Kxh5 39. Bf6 Qg8+ 40.
Bg5 1-0

[Event "6. Open C.A. Ciudad los Angeles 2012"]
[Site "Madrid ESP"]
[Date "2012.05.06"]
[Round "4.15"]
[White "Gines Sanchez, Javier"]
[Black "Bellod Thomas, Gonzalo"]
[Result "0-1"]
[WhiteElo "1575"]
[BlackElo "1713"]
[PlyCount "61"]
[EventDate "2012.04.15"]
[EventType "swiss"]
[EventRounds "9"]
[EventCountry "ESP"]
[Source "lmi"]
[SourceDate "2012.04.15"]

1. e4 c6 2. Nc3 d5 3. exd5 cxd5 4. d4 Nf6 5. h3 Nc6 6. Bf4 a6 7. a3 Qb6 8. Rb1
Qxd4 9. Qf3 e6 10. Be2 Qb6 11. Qg3 Bd7 12. Nf3 Nh5 13. Qh2 Nxf4 14. Qxf4 Be7
15. O-O Bf6 16. Qd6 Qd8 17. Bd3 Be7 18. Qf4 Bf6 19. Qd6 Bc8 20. Qc5 Be7 21. Qe3
d4 22. Qe4 dxc3 23. bxc3 Qd5 24. Qf4 Bd6 25. Qh4 Ne5 26. Nxe5 Qxe5 27. g3 Qf6
28. Qa4+ Bd7 29. Qa5 Qf3 30. Kh2 Bc6 31. Rg1 0-1

[Event "6. Open C.A. Ciudad los Angeles 2012"]
[Site "Madrid ESP"]
[Date "2012.05.06"]
[Round "4.16"]
[White "Benitez Robles, Antonio"]
[Black "Vivas Mariscal, Luis Miguel"]
[Result "1-0"]
[WhiteElo "1519"]
[BlackElo "1673"]
[PlyCount "83"]
[EventDate "2012.04.15"]
[EventType "swiss"]
[EventRounds "9"]
[EventCountry "ESP"]
[Source "lmi"]
[SourceDate "2012.04.15"]

1. d4 Nf6 2. Bf4 c5 3. e3 d6 4. Nf3 Qb6 5. b3 g6 6. dxc5 Qxc5 7. Nbd2 Bg7 8.
Rb1 Nc6 9. Bd3 e5 10. Bg5 Nb4 11. Bxf6 Nxd3+ 12. cxd3 Bxf6 13. Ne4 Qb4+ 14.
Nfd2 Bg7 15. O-O Bf5 16. a3 Qb6 17. Nc4 Qa6 18. Nexd6+ Ke7 19. Ne4 Bxe4 20.
dxe4 b5 21. Nb2 Rhd8 22. Qe2 Rac8 23. a4 Qb7 24. axb5 Qxe4 25. Nc4 Rb8 26. Na5
Rdc8 27. Nc6+ Kf8 28. Nxb8 Rxb8 29. Ra1 Qb7 30. e4 Kg8 31. Rfd1 Bf8 32. Rd5 Re8
33. Rad1 Qc8 34. Rd7 Bc5 35. Kf1 Kg7 36. Qc4 Kh6 37. Qxf7 Rf8 38. Qxh7+ Kg5 39.
h4+ Kf6 40. Qg7+ Ke6 41. Qxg6+ Rf6 42. Qg4+ 1-0

[Event "6. Open C.A. Ciudad los Angeles 2012"]
[Site "Madrid ESP"]
[Date "2012.05.06"]
[Round "4.23"]
[White "Sotres Menendez, Raul"]
[Black "Salgado Duarte, Pablo"]
[Result "0-1"]
[WhiteElo "1628"]
[BlackElo "1534"]
[PlyCount "64"]
[EventDate "2012.04.15"]
[EventType "swiss"]
[EventRounds "9"]
[EventCountry "ESP"]
[Source "lmi"]
[SourceDate "2012.04.15"]

1. e4 e5 2. Nf3 d6 3. Bc4 h6 4. c3 Nf6 5. d3 Be7 6. h3 O-O 7. Be3 Nc6 8. O-O
Bd7 9. Nbd2 a6 10. a4 Qc8 11. Nh2 Be6 12. Qf3 Qd7 13. d4 exd4 14. cxd4 Bxc4 15.
Nxc4 d5 16. Nd2 dxe4 17. Nxe4 Nxd4 18. Nxf6+ Bxf6 19. Qxb7 Ne2+ 20. Kh1 Rfb8
21. Qf3 Nd4 22. Rfd1 Nxf3 23. Rxd7 Nxh2 24. Kxh2 Bxb2 25. Rad1 Rb4 26. g3 Be5
27. Bd4 Bd6 28. a5 Ra4 29. Bc3 Ra3 30. Rc1 Kf8 31. Bb4 Bxb4 32. Rcxc7 Rf3 0-1

[Event "6. Open C.A. Ciudad los Angeles 2012"]
[Site "Madrid ESP"]
[Date "2012.05.06"]
[Round "4.25"]
[White "De Pablo Pena, Miguel Angel"]
[Black "Martin Rodriguez, Jose Luis"]
[Result "1-0"]
[WhiteElo "1608"]
[BlackElo "1475"]
[PlyCount "45"]
[EventDate "2012.04.15"]
[EventType "swiss"]
[EventRounds "9"]
[EventCountry "ESP"]
[Source "lmi"]
[SourceDate "2012.04.15"]

1. Nf3 d5 2. c4 d4 3. e3 dxe3 4. fxe3 c5 5. Nc3 Nf6 6. Be2 e6 7. O-O Be7 8. b3
Nc6 9. Bb2 b6 10. d4 cxd4 11. exd4 Bb4 12. a3 Bxc3 13. Bxc3 O-O 14. Qc2 Bb7 15.
Rad1 Qc7 16. Bd3 Ne7 17. Qe2 h6 18. Rfe1 Rfe8 19. Ne5 Nc6 20. Ng4 Nxg4 21. Qxg4
Qd8 22. d5 exd5 23. Qxg7# 1-0